[Event "First Saturday Tournaments - G"]
[Site "Budapest"]
[Date "2011.05.16"]
[Round "11.1"]
[White "Chernyshov, Konstantin"]
[Black "Kosic, Dragan"]
[Result "1-0"]
[WhiteElo "2564"]
[BlackElo "2485"]
[PlyCount "104"]
[EventDate "2011.05.07"]

1. e4 e6 2. d4 d5 3. Bd3 c5 4. exd5 exd5 5. Qe2+ Be7 6. dxc5 Nf6 7. Be3 O-O 8.
Qd2 Ng4 9. Ne2 Nxe3 10. fxe3 Bxc5 11. Nbc3 g6 12. O-O-O Nc6 13. Bb5 Qb6 14. Kb1
Be6 15. Bxc6 bxc6 16. Na4 Qb4 17. Nxc5 Qxc5 18. Nd4 Rae8 19. Rhf1 Bd7 20. Rf4
f5 21. c3 Re5 22. Nc2 Re4 23. g3 Rfe8 24. Rxe4 Rxe4 25. Qe2 Bc8 26. Rd4 a5 27.
Qd3 Qb6 28. Rxe4 fxe4 29. Qd4 Qa6 30. c4 Be6 31. b4 axb4 32. Nxb4 Qa4 33. c5
Qb5 34. Kb2 Bg4 35. Kb3 Kf7 36. a4 Qb7 37. Ka3 Ke6 38. Qh8 Qd7 39. Nc2 Kf5 40.
Nd4+ Kg5 41. h4+ Kh5 42. Qf6 h6 43. Nxc6 Qc8 44. Qd6 Bf5 45. Ne5 Be6 46. c6 d4
47. Kb2 d3 48. Kc3 g5 49. hxg5 Kxg5 50. Kd4 Qe8 51. Kxe4 Bf5+ 52. Kd4 h5 1-0

[Event "First Saturday Tournaments - G"]
[Site "Budapest"]
[Date "2011.05.16"]
[Round "11.2"]
[White "Rodriguez, Lopez Rafael"]
[Black "Szabo, Bence"]
[Result "1/2-1/2"]
[WhiteElo "2320"]
[BlackElo "2350"]
[PlyCount "89"]
[EventDate "2011.05.07"]

1. Nf3 Nf6 2. c4 c5 3. b3 d5 4. cxd5 Nxd5 5. Bb2 Nc6 6. a3 Bg4 7. e3 e6 8. Be2
Nf6 9. O-O Be7 10. h3 Bh5 11. d3 O-O 12. Nbd2 Rc8 13. Rc1 b6 14. Qc2 Nd5 15.
Ne4 f5 16. Ng3 Bg6 17. Rfe1 f4 18. Nf1 fxe3 19. fxe3 Bf6 20. Bxf6 Qxf6 21. Kh1
Rfd8 22. N3d2 Nde7 23. Ne4 Qh4 24. Nfd2 Nf5 25. Bf1 Qe7 26. Nf3 Nd6 27. Nxd6
Qxd6 28. Red1 Rf8 29. Qc3 Bh5 30. Be2 Ne7 31. e4 Bxf3 32. Bxf3 Nc6 33. b4 Nd4
34. Bg4 Qe5 35. bxc5 Rxc5 36. Qb4 h5 37. Bxh5 Nc6 38. Qb3 Nd4 39. Qb2 Rfc8 40.
Bg4 Rc2 41. Rxc2 Rxc2 42. Qb4 Qg3 43. Rg1 Qxd3 44. Qe7 Qc4 45. Qe8+ 1/2-1/2

[Event "First Saturday Tournaments - G"]
[Site "Budapest"]
[Date "2011.05.16"]
[Round "12.1"]
[White "Ilincic, Zlatko"]
[Black "Rodriguez, Lopez Rafael"]
[Result "1-0"]
[WhiteElo "2450"]
[BlackElo "2320"]
[PlyCount "57"]
[EventDate "2011.05.07"]

1. d4 Nf6 2. c4 e6 3. Nf3 b6 4. g3 Bb7 5. Bg2 Be7 6. O-O O-O 7. Nc3 Na6 8. b3
Ne4 9. Bb2 Nxc3 10. Bxc3 Bf6 11. Rc1 c5 12. e3 Be4 13. Qe2 Qc8 14. Rfd1 Qb7 15.
Ne1 Bxg2 16. Nxg2 cxd4 17. Bxd4 Bxd4 18. Rxd4 Rac8 19. Rcd1 Rc7 20. e4 f5 21.
exf5 exf5 22. Nf4 Nb4 23. a3 Nc6 24. Rd6 Qa8 25. Rxd7 Rxd7 26. Rxd7 Re8 27. Ne6
Nd4 28. Rxg7+ Kh8 29. Rxh7+ 1-0

[Event "First Saturday Tournaments - G"]
[Site "Budapest"]
[Date "2011.05.16"]
[Round "12.2"]
[White "Szabo, Bence"]
[Black "Chernyshov, Konstantin"]
[Result "0-1"]
[WhiteElo "2350"]
[BlackElo "2564"]
[PlyCount "146"]
[EventDate "2011.05.07"]

1. Nf3 Nf6 2. c4 b6 3. g3 Bb7 4. Bg2 e6 5. O-O Be7 6. Nc3 O-O 7. Re1 Bb4 8. Qc2
Bxc3 9. Qxc3 d5 10. cxd5 Nxd5 11. Qc2 c5 12. d4 cxd4 13. Nxd4 Nb4 14. Qd2 Bxg2
15. Kxg2 Qe7 16. a3 N4c6 17. Nxc6 Nxc6 18. b4 Rfd8 19. Qb2 Rd5 20. Be3 Rad8 21.
Rac1 Qb7 22. f3 Ne7 23. Rc2 f6 24. Rec1 R8d7 25. Qb3 Kf7 26. b5 Qb8 27. a4 Qd8
28. Rc4 Re5 29. R1c2 g5 30. Bf2 Red5 31. Re4 R7d6 32. Qc4 f5 33. Re3 h5 34. Qb3
g4 35. Be1 gxf3+ 36. exf3 Rd3 37. Rc3 Rxc3 38. Bxc3 h4 39. Bb4 Rd5 40. Bxe7
Rd2+ 41. Kh3 Qxe7 42. Qc3 Qd6 43. Qa3 hxg3 44. Qxd6 Rxd6 45. Kxg3 Rd4 46. Ra3
e5 47. Ra1 Kf6 48. h4 Rd3 49. Rc1 e4 50. Rc7 Rxf3+ 51. Kg2 Ra3 52. Rxa7 f4 53.
h5 Kg5 54. Re7 Rxa4 55. Re5+ Kg4 56. h6 e3 57. h7 Ra8 58. Re7 f3+ 59. Kg1 Kf4
60. Rg7 Rh8 61. Kf1 Ke4 62. Re7+ Kd3 63. Rd7+ Kc4 64. Re7 Kxb5 65. Rxe3 Rxh7
66. Rxf3 Re7 67. Rb3+ Ka5 68. Kf2 b5 69. Rb1 b4 70. Ra1+ Kb5 71. Ra8 b3 72. Kf1
Re5 73. Kf2 Kb4 0-1

[Event "First Saturday Tournaments - G"]
[Site "Budapest"]
[Date "2011.05.16"]
[Round "12.3"]
[White "Kosic, Dragan"]
[Black "Tania, Sachdev"]
[Result "1/2-1/2"]
[WhiteElo "2485"]
[BlackElo "2416"]
[PlyCount "73"]
[EventDate "2011.05.07"]

1. d4 d5 2. Bf4 Nf6 3. e3 c5 4. c3 Nc6 5. Nd2 g6 6. h3 Bg7 7. Ngf3 Qb6 8. Qb3
c4 9. Qc2 Bf5 10. Qc1 O-O 11. Be2 Nd7 12. O-O e5 13. Nxe5 Ndxe5 14. dxe5 Nxe5
15. Bxe5 Bxe5 16. Nf3 Bc7 17. Rd1 Rad8 18. b3 Qc5 19. Qb2 b5 20. a4 bxa4 21.
Rxa4 Rb8 22. b4 a5 23. bxc5 Rxb2 24. Nd4 Rxe2 25. Nxe2 Bc2 26. Raa1 Bxd1 27.
Rxd1 Rb8 28. Nf4 Bxf4 29. exf4 a4 30. c6 Kf8 31. Rxd5 Ke7 32. Ra5 Rb3 33. c7
Kd7 34. Rc5 Kc8 35. Rxc4 a3 36. Kh2 Rb2 37. Ra4 1/2-1/2

[Event "First Saturday Tournaments - G"]
[Site "Budapest"]
[Date "2011.05.17"]
[Round "13.2"]
[White "Chernyshov, Konstantin"]
[Black "Ilincic, Zlatko"]
[Result "1/2-1/2"]
[WhiteElo "2564"]
[BlackElo "2450"]
[PlyCount "113"]
[EventDate "2011.05.07"]

1. d4 Nf6 2. c4 g6 3. Bg5 Bg7 4. Nc3 d6 5. Qd2 h6 6. Bf4 Nh5 7. Be3 e5 8. Nf3
Nc6 9. h3 exd4 10. Nxd4 Ne5 11. b3 f5 12. g3 c6 13. Bg2 Qe7 14. O-O-O Bd7 15.
Nc2 Nf7 16. Bd4 O-O 17. g4 fxg4 18. Be4 Bxd4 19. Nxd4 Ng5 20. hxg4 Nxe4 21.
Nxe4 Qxe4 22. f3 Qf4 23. gxh5 Qxd2+ 24. Rxd2 Rf6 25. Nc2 Re8 26. hxg6 Kg7 27.
Rhd1 Ree6 28. f4 Rxf4 29. Rxd6 Rxd6 30. Rxd6 Be8 31. Nd4 Rf6 32. Rd8 Bxg6 33.
Rd7+ Rf7 34. Ne6+ Kf6 35. Rxf7+ Bxf7 36. Nd8 b5 37. Nxc6 bxc4 38. bxc4 Bxc4 39.
Nxa7 Ke5 40. Kd2 Kf4 41. e3+ Kg3 42. Nc6 h5 43. Nd4 Kg2 44. Nf5 Bxa2 45. Kc2
Kf3 46. Kd2 Bb1 47. Nd4+ Kf2 48. Ne2 h4 49. Nf4 Be4 50. Nh3+ Kg3 51. Nf4 Bb7
52. Kd3 Kf3 53. Kd4 Ba6 54. Ke5 Bf1 55. Kf5 Kxe3 56. Kg4 h3 57. Nxh3 1/2-1/2

[Event "First Saturday Tournaments - G"]
[Site "Budapest"]
[Date "2011.05.17"]
[Round "13.3"]
[White "Rodriguez, Lopez Rafael"]
[Black "Manca, Federico"]
[Result "1/2-1/2"]
[WhiteElo "2320"]
[BlackElo "2399"]
[PlyCount "27"]
[EventDate "2011.05.07"]

1. Nf3 Nf6 2. c4 e6 3. b3 d5 4. Bb2 c5 5. e3 Nc6 6. cxd5 exd5 7. Bb5 Bd6 8. O-O
Bg4 9. h3 Bh5 10. Be2 O-O 11. d4 Bxf3 12. Bxf3 cxd4 13. exd4 Qb6 14. Nc3
1/2-1/2

[Event "First Saturday Tournaments - G"]
[Site "Budapest"]
[Date "2011.05.18"]
[Round "14.1"]
[White "Manca, Federico"]
[Black "Chernyshov, Konstantin"]
[Result "0-1"]
[WhiteElo "2399"]
[BlackElo "2564"]
[PlyCount "126"]
[EventDate "2011.05.07"]

1. e4 e6 2. d4 d5 3. Nc3 Be7 4. e5 c5 5. Qg4 Kf8 6. dxc5 Nc6 7. Nf3 Bxc5 8. Bd3
f5 9. Qg3 Nge7 10. h4 Qa5 11. Bd2 Qb4 12. h5 Qg4 13. h6 Qxg3 14. fxg3 Ng6 15.
g4 fxg4 16. Ng5 Ncxe5 17. Bxg6 hxg6 18. Rf1+ Kg8 19. h7+ Rxh7 20. Nxh7 Kxh7 21.
O-O-O Bd7 22. Rde1 Nc6 23. Rf4 g3 24. Rh1+ Kg8 25. Rfh4 Rf8 26. Rh8+ Kf7 27.
Rf1+ Ke8 28. Rfxf8+ Bxf8 29. Be1 Kf7 30. Bxg3 Be7 31. Rh1 g5 32. Rf1+ Kg6 33.
Bc7 Bf6 34. Kd2 Nd4 35. Bb8 a6 36. b3 Nf5 37. Bc7 Bc6 38. Re1 Kf7 39. Nd1 Nh4
40. Re2 d4 41. g3 Nf3+ 42. Kc1 Bb5 43. Re4 e5 44. Nf2 Ke6 45. a4 Bc6 46. Re2
Kf5 47. g4+ Ke6 48. Nd3 Bd7 49. Nc5+ Ke7 50. Nxb7 Bxg4 51. Nc5 Bh3 52. b4 g4
53. b5 axb5 54. axb5 Bf1 55. b6 Bxe2 56. b7 g3 57. b8=Q g2 58. Bd6+ Kf7 59.
Qb7+ Kg6 60. Qe4+ Kh6 61. Qxe2 g1=Q+ 62. Kb2 d3 63. cxd3 Qd4+ 0-1

[Event "First Saturday Tournaments - G"]
[Site "Budapest"]
[Date "2011.05.18"]
[Round "14.2"]
[White "Ilincic, Zlatko"]
[Black "Tania, Sachdev"]
[Result "1/2-1/2"]
[WhiteElo "2450"]
[BlackElo "2416"]
[PlyCount "25"]
[EventDate "2011.05.07"]

1. d4 d5 2. Nf3 Nf6 3. c4 c6 4. Nc3 dxc4 5. a4 Na6 6. e3 Bg4 7. Bxc4 e6 8. h3
Bh5 9. O-O Nb4 10. Qe2 Be7 11. g4 Bg6 12. e4 Qc7 13. Rd1 1/2-1/2

[Event "First Saturday Tournaments - G"]
[Site "Budapest"]
[Date "2011.05.18"]
[Round "14.3"]
[White "Szabo, Bence"]
[Black "Kosic, Dragan"]
[Result "1/2-1/2"]
[WhiteElo "2350"]
[BlackElo "2485"]
[PlyCount "22"]
[EventDate "2011.05.07"]

1. d4 d5 2. c4 e6 3. Nf3 Nf6 4. Nc3 Nbd7 5. cxd5 exd5 6. Bg5 Be7 7. e3 c6 8.
Bd3 O-O 9. Qc2 Re8 10. O-O Nf8 11. h3 Be6 1/2-1/2